000
nam a22 7a 4500
999
_c
40622
_d
40622
003
OSt
005
20170923164559.0
008
170923b xxu||||| |||| 00| 0 eng d
040
_c
sero soft
100
_a
AIR
245
_a
All India Reporter
260
_b
Nagpur AIR PVT
942
_2
ddc
_c
01